000 02250cam a22005174i 4500
003 PE-LiUPU
005 20250731165618.0
008 150625s1989 r 000 0 d
020 _a847645323X
035 _a(Sirsi) i9788476453230
040 _aPE-LiUPU
_bspa
_cPE-LiUPU
_erda
049 _aPRUA
082 0 4 _a222.1
_bC45
_221
100 1 _aHaley W., John,
_eautor.
245 1 0 _aDiccionario de dificultades y supuestas contradicciones bíblicas /
_cJohn W. Haley y Santiago Escuain.
264 1 _aTerrassa (Barcelona) :
_bCLIE ,
_c1989.
300 _a597 páginas ;
_c23 centímetros
336 _atext
_2rdacontent
337 _aunmediated
_2rdamedia
338 _avolume
_2rdacarrier
505 0 _aOrigen de las discrepancias. -propósito de las discrepancias. -Resultados de las Discrepancias. -Discrepancias doctrinales. -Discrepancias éticas. -Discrepancias históricas.
526 _aSEG44
526 _aSEG26
526 _aP151
526 _aP150
526 _aP149
526 _aP146
526 _aP145
526 _aP126
526 _aP125
526 _aP92
526 _aP75
526 _aP74
526 _aP27
526 _aP15
630 _aBiblia
_vComentarios.
700 1 _aEscuain, Santiago.
942 _2ddc
_cBOOK
949 _aRC 220.3165 H17
_wDEWEY
_c1
_i55994
_d2015-10-28
_lCCODEBUL1
_mBUL
_q1
_r0
_sY
_tBOOK
_u2015-6-16
_xTEOLOGIA
_zUNKNOWN
_0COMPRA
_o.CIRCNOTE. No olvidar cambiar la fecha de devolución!!!!!!!
_o.STAFF. Colección General
949 _aRC 220.3165 H17
_wDEWEY
_c2
_i33877
_lCCODEBUL1
_mBUL
_r0
_sY
_tBOOK
_u2015-4-23
_xTEOLOGIA
_zUNKNOWN
_0COMPRA
_o.CIRCNOTE. No olvidar cambiar la fecha de devolución!!!!!!!
_o.STAFF. Colección General
994 _aC0
_bPEPRU
596 _a1
999 _aRC 220.3165 H17
_wDEWEY
_c56543
_i55994
_d56543
_f2021-11-8
_g6
_lCCODEBUL1
_mBUL
_q1
_r1
_sY
_tBOOK
_u2015-6-16
_xTEOLOGIA
_zUNKNOWN
_0COMPRA
_o.CIRCNOTE. No olvidar cambiar la fecha de devolución!!!!!!!
_o.STAFF. Colección General
999 _aRC 220.3165 H17
_wDEWEY
_c2
_i33877
_f2021-11-8
_g6
_lCCODEBUL1
_mBUL
_r1
_sY
_tBOOK
_u2015-4-23
_xTEOLOGIA
_zUNKNOWN
_0COMPRA
_o.CIRCNOTE. No olvidar cambiar la fecha de devolución!!!!!!!
_o.STAFF. Colección General
980 _81
_gALBERTO SANCHEZ Responsable de Automatización